000 00588nam a22002177a 4500
003 OSt
005 20140310182754.0
008 130204t xxu||||| |||| 00| 0 eng d
020 _a9780071266956
050 _aQA 39.3
_b.R813 2008
082 _aM 511
_bR813 2008
245 _aDiscrete mathematics and Its applications /
_cRosen, Kenneth H.
260 _aBoston :
_bMcGraw-Hill,
_c2008
300 _c22 cm.
_axxii, 843 p. :
_bill. ;
521 _acollege students
526 _c1210L-1700L
541 _j1
541 _j2
562 _e2
942 _2lcc
_cBK
_kM
999 _c15815
_d15815